Normal view
MARC view
Entry Topical Term
001 - CONTROL NUMBER
- control field: 259885
003 - CONTROL NUMBER IDENTIFIER
- control field: OSt
005 - DATE AND TIME OF LATEST TRANSACTION
- control field: 20260331155450.0
008 - FIXED-LENGTH DATA ELEMENTS
- fixed length control field: 260331|| aca||aabn | a|a d
040 ## - CATALOGING SOURCE
- Original cataloging agency: OSt
- Transcribing agency: OSt
150 ## - HEADING--TOPICAL TERM
- Topical term or geographic name entry element: As per AICTE
670 ## - SOURCE DATA FOUND
- Source citation: Work cat.: (OSt)241091: Anil K Maini 259884, Digital electronics, 2024